Cinema Aur Sansar (Record no. 1640)

MARC details
000 -LEADER
fixed length control field 00404nam a2200169Ia 4500
003 - CONTROL NUMBER IDENTIFIER
control field OSt
005 - DATE AND TIME OF LATEST TRANSACTION
control field 20240117130240.0
008 - FIXED-LENGTH DATA ELEMENTS--GENERAL INFORMATION
fixed length control field 230406s9999 xx 000 0 und d
020 ## - INTERNATIONAL STANDARD BOOK NUMBER
International Standard Book Number 9789389598780
082 ## - DEWEY DECIMAL CLASSIFICATION NUMBER
Classification number 790
Item number SHAC
100 ## - MAIN ENTRY--PERSONAL NAME
Personal name Shahani, Kumar and Vajpeyi, Udayan
245 #0 - TITLE STATEMENT
Title Cinema Aur Sansar
260 ## - PUBLICATION, DISTRIBUTION, ETC.
Place of publication, distribution, etc. Delhi
Name of publisher, distributor, etc. Rajkamal
Date of publication, distribution, etc. 2021
300 ## - PHYSICAL DESCRIPTION
Extent 107
650 ## - SUBJECT ADDED ENTRY--TOPICAL TERM
Topical term or geographic name entry element Cinema-Movies
942 ## - ADDED ENTRY ELEMENTS (KOHA)
Koha item type Book
Source of classification or shelving scheme Dewey Decimal Classification
Holdings
Withdrawn status Lost status Source of classification or shelving scheme Damaged status Not for loan Home library Current library Date acquired Cost, normal purchase price Full call number Barcode Date last seen Price effective from Koha item type Public note
    Dewey Decimal Classification     RIC Library RIC Library 04/06/2023 395.00 790 SHAC 001040 04/06/2023 04/06/2023 Book R-9.5

Venue

Rajasthan International Centre
Sansthan Path,JLN Marg, Jaipur- 302017
Phone: +91-7230904025